000 01081nam a2200301 i 4500
001 123443
003 ES-MaACL
005 20250824234606.0
007 t|
008 070214s1973 sp r ||||1| spa d
017 _aM 10029-1973
_bOficina Depósito Legal Madrid
020 _a8450056748
040 _cES-MaACL
080 _a013(460)
080 _a929(460)
245 0 0 _aQuién es quién en las letras españolas.
250 _a2ª ed.
260 _a[Madrid] :
_bInstituto Nacional del Libro Español,
_c1973.
300 _a546 páginas ;
_c24 cm.
650 0 _aEscritores españoles-
_yS.XX-
_vBiobibliografías
_9235104
655 0 _9233879
_aBiobibliografías
710 2 _aInstituto Nacional del Libro Español
_eedt
_95195
852 _aES-MaACL
_jE-8556
_bR. 93095
_cDEPO2
_hDonación: Editorial
_xEncuadernación: cartoné
_9128022
852 4 _aES-MaACL
_jN-8215
_xEncuadernación: cartoné
_cDEPOJ
_hDonación: Editorial
_zX-15
_zDuplicado
_9128021
942 _cMONOGRAFIA
_n0
999 _c123443
_d123443